| Tag |
First Indicator |
Second Indicator |
Subfields |
| LEADER |
00000cam a2200000 4500 |
| 001 |
in00000058544 |
| 005 |
20151007082343.0 |
| 008 |
721114s1921 eng u |
| 010 |
|
|
|a 21005466
|
| 035 |
|
|
|a (OCoLC)00493806
|
| 035 |
|
|
|9 AAF7745AM
|
| 040 |
|
|
|c WSU
|d TXA
|d UtOrBLW
|
| 049 |
|
|
|a TXAM
|v 1 [15462]
|v 2 [15463]
|
| 090 |
|
|
|a JC421
|b .B8
|
| 092 |
|
|
|a 321.8
|b B916m
|
| 100 |
1 |
|
|a Bryce, James Bryce,
|c Viscount,
|d 1838-1922.
|
| 245 |
1 |
0 |
|a Modern democracies.
|
| 264 |
|
1 |
|a New York :
|b The Macmillan company,
|c [1921]
|
| 264 |
|
4 |
|c [©1921]
|
| 300 |
|
|
|a 2 volumes
|
| 336 |
|
|
|a text
|b txt
|2 rdacontent
|
| 337 |
|
|
|a unmediated
|b n
|2 rdamedia
|
| 338 |
|
|
|a volume
|b nc
|2 rdacarrier
|
| 650 |
|
0 |
|a Democracy.
|
| 650 |
|
0 |
|a Political science.
|
| 999 |
|
|
|a MARS
|
| 999 |
f |
f |
|s c0453667-26ba-3d8e-a0f6-3c27219586ab
|i a3d8efa7-35a6-3d33-893b-45b4a4820e3f
|t 0
|
| 952 |
f |
f |
|p ric
|a Texas A&M University
|b Rellis Campus
|c Joint Library Facility
|d Remote Storage
|t 0
|e JC421 B8
|h Library of Congress classification
|i unmediated -- volume
|k v.2
|m A14800662778
|
| 952 |
f |
f |
|p ric
|a Texas A&M University
|b Rellis Campus
|c Joint Library Facility
|d Remote Storage
|t 0
|e JC421 B8
|h Library of Congress classification
|i unmediated -- volume
|k v.1
|m A14800662760
|
| 998 |
f |
f |
|a JC421 B8
|s v.1-v.2
|t 0
|l Remote Storage
|